01181nam a2200253 a 4500001001000000003000900010005001700019008004100036020001800077040002500095082001500120100002700135245010700162260004700269300003500316504003000351700002600381710012900407942001400536952012800550952011300678952011900791999001700910000045991DO-SdBNP20210903102421.0150605s2015 dr ac 000 0 spa d a9789945594089 aDO-SdBNPbspacBNPHU axxxxbxxxx1 aGómez, Arelis97339510aPrograma centro de recursos multimodales para el aprendizaje (CREM) /cArelis Gómez e Isabel Vargas. aSanto Domingo :bCEEDbCREMbINTEC,c2015. a47 p. :bil., retrs. ;c28 cm. aBibliografía : p. 45-4712aVargas, Isabel97339622aCentro de Estudios Educativos del Instituto Tecnológico de Santo Domingo (CEED-INTEC-INTEC), República Dominicana974060 2ddccLBS1 001154708DSaGRbGRcMId2015-06-05iLF1l0oxxxx xxxxp45991-30r2020-06-25te. 3w2020-06-25yLFDSZPréstamo en sala 0010718PDaPDbPDcCTd2015-06-05iLF1l0oxxxx xxxxp45991-10r2020-06-25w2020-06-25yLFPDZNo se presta 0010718PDaPDbPDcCTd2015-06-05iLF1l0oxxxx xxxxp45991-20r2020-06-25te. 2w2020-06-25yLFPDZNo se presta c45480d45480